| 000 | 00470nam a2200169Ia 4500 | ||
|---|---|---|---|
| 999 |
_c12318 _d12318 |
||
| 003 | OSt | ||
| 005 | 20201105124856.0 | ||
| 008 | 190216s9999||||xx |||||||||||||| ||und|| | ||
| 040 | _coclc | ||
| 082 |
_a920 _bKAU/U |
||
| 100 |
_aKaul, Gen B M _96295 |
||
| 245 | 4 |
_aThe Untold Story / _cGen B M Kaul |
|
| 260 |
_bJaico Publishing House, _c1971. _aMumbai: |
||
| 300 | _a504p | ||
| 650 | _aEnglish Stories | ||
| 942 |
_cBK _2ddc _h920 _iKAU/U _k920 _mKAU/U |
||